000 01173nam a2200241Ia 4500
003 Ost
005 20260507075356.0
008 260507s9999||||xx |||||||||||||| ||und||
020 _a95471299579
040 _cfsecg
041 _aara
082 _a330
100 _aبني هاني، عبد الرزاق
_eمؤلف
245 0 _aمبادئ الإقتصاد الرياضي /
_c عبد الرزاق بني هاني
260 _aعمان:
_bدار اليازوري العلمية للنشر والتوزيع,
_c2014
300 _a436 صفحة؛
_bإيضاحات ؛
_c30 سم
504 _aالمراجع ص.435
520 _aمفاهيم أساسية- المعادلات الآنية- أساسيات التفاضل والتكامل- أساسيات الرياضيات المالية- الإشتقاق التفاضلي وتطبيقاته الإقتصادية- الحالة الفضلى- الدوال المثلثية- مفاهيم رياضية متقدمة- مبادئ التكامل- أساسيات الجبر الخطي
653 _aالإقتصاد
653 _aالإقتصاد الرياضي
653 _aالإقتصاد القياسي
942 _cكتاب
999 _c44225
_d44225